| 000 | 00000nam 2200000za 4500 |
| 001 | 9.642813 |
| 003 | CaOODSP |
| 005 | 20240207110918 |
| 007 | cr ||||||||||| |
| 008 | 150407|2008||||xxc|||||o f|0| 0 fre d |
| 040 | |aCaOODSP|bfre |
| 043 | |an-cn--- |
| 086 | 1 |aSE3-81/2008F-PDF |
| 245 | 00|aQuestionnaire d'évaluation régionale des agents de liaison en région, 40e élection générale |h[ressource électronique] : |bsommaire des réponses. |
| 260 | |aOttawa : |bÉlections Canada, |c2008. |
| 300 | |a22 p. |
| 500 | |a« Octobre 2008. » |
| 590 | |a14-07-Supp|b2014-04-03 |
| 691 | 07|aÉlections|2gcpds |
| 691 | 07|aQuestionnaire|2gcpds |
| 710 | 2 |aÉlections Canada. |
| 775 | 08|t40th general election - field liaison officer regional evaluation questionnaire |w(CaOODSP)9.698654 |
| 856 | 40|ahttp://publications.gc.ca|qPDF|s215 Ko|uhttps://publications.gc.ca/collections/collection_2014/elections/SE3-81-2008-fra.pdf |